| 000 | 00848cam a2200229 4500 | ||
|---|---|---|---|
| 001 | WB3614-25 | ||
| 008 | 000000n2000 000 0 eng u | ||
| 035 | _a(Sirsi) u105234 | ||
| 245 | _aBring me sunshine | ||
| 260 | _c2000 | ||
| 490 |
_aEstates Gazette _v(0013) 1 April 2000, 186(1) |
||
| 520 | _aDiscusses the case "Jones (Trading Standards Officer) v Jones & Jones Ltd" in which it was found that the Property Misdescriptions Act 1991 s1 could apply to a photograph of a property which was 'statistically implausible' in terms of weather conditions. | ||
| 590 | _aWB | ||
| 650 | _aPROPERTY MISDESCRIPTIONS ACT 1991 S1 | ||
| 650 | _aJONES (TRADING STANDARDS OFFICER) V JONES & JONES | ||
| 650 | _aWEATHER | ||
| 650 | _aMISLEADING PHOTOGRAPH | ||
| 650 | _aLIABILITY | ||
| 650 | _aDUE DILIGENCE | ||
| 690 | _aPROPERTY | ||
| 942 | _n0 | ||
| 999 |
_c63106 _d63106 |
||